000 01547cam a2200325 i 4500
003 SA-RiAUC
005 20250826061130.0
008 250820s1991 ua g 00000 ara c
024 0 _a33000000004706
040 _aSA-JeALM
_bara
_cSA-RiAUC
_erda
050 4 _bI26 1991
082 0 4 _a212.7
_qSA-RiAUC
090 _a212.7
_bا ب ن ق
100 1 _aابن قيم الجوزية، محمد بن أبي بكر بن أيوب،
_d691-751 هجري
_eمؤلف.
245 1 0 _aكشف الغطاء عن حكم سماع الغناء ؛
_bومعه، سبع فتاوى لكبار علماء المسلمين /
_cابن قيم الجوزية الإمام المحدث المفسر الفقيه شمس الدين أبي عبد الله محمد بن أبي بكر الزرعي الدمشقي ؛ تحقيق ربيع بن أحمد خلف.
250 _aالطبعة الأولى.
264 1 _aالقاهرة :
_bمكتبة السنة،
_c1991
300 _a301 صفحة ؛
_c24سم
336 _aنص
_btxt
_2rdacontent
_3كتاب
337 _aبدون وسيط
_bn
_2rdamedia
338 _aمجلد
_bnc
_2rdacarrier
650 7 _aالغناء (فقه إسلامي)
_2aucsh
650 7 _aالإسلام والغناء
_2aucsh
650 7 _aالعادات والتقاليد
_2aucsh
650 7 _aالأخلاق الإسلامية
_2aucsh
700 1 _aخلف، ربيع بن أحمد
_eمحقق.
740 0 2 _aسبع فتاوى لكبار علماء المسلمين.
942 _2ddc
_cBOOK
_n0
949 _aSA-JeALM
_d250820
_uosman123
_n1
999 _c11140
_d11140